| 000 | 00599nam a2200181Ia 4500 | ||
|---|---|---|---|
| 003 | GCL | ||
| 008 | 140319s9999 xx 000 0 ara d | ||
| 040 |
_aGCL / _cGCL |
||
| 082 | 0 | 4 |
_a812.04 _bك د |
| 100 | 1 | _aكاتب ياسين | |
| 245 | 1 | 0 |
_aدائرة الانتقام: الاسلاف يضاعفون ضراوتهم , مسحوق الذكاء , الجثة المطوقة / _cكاتب ياسين |
| 300 | _a170 ص | ||
| 490 |
_aمسرحيات عربية _v0 |
||
| 650 | 0 | 4 | _aالادب العربى |
| 650 | 0 | 4 | _aالدراما |
| 650 | 0 | 4 | _aالمسرحيات العربية |
| 942 |
_2ddc _cBK |
||
| 999 |
_c50682 _d50682 |
||